000 00509nam a2200193 4500
001 121093
003 ES-MaACL
005 20230906191703.0
007 t|
008 070214s1950 sp r ||||1| spa d
100 1 _aPons, Antonio.
_992982
245 1 0 _aAntiguas historias /
_cAntonio Pons.
260 _aPalma de Mallorca :
_bClumba,
_c1950.
300 _a198 p. ;
_c16 cm.
490 1 _aDrach ;
_v2
830 0 _aDrach ;
_v2
_9187412
852 _aES-MaACL
_jD-5754
_bR.30852
999 _c121093
_d121093